[Event "DVM U14 2017"]
[Site "Verden/Aller GER"]
[Date "2017.12.28"]
[Round "3"]
[White "Kostanyan, Hakob"]
[Black "Brückner, Alexander"]
[Result "1-0"]
[Termination "normal"]
[Board "7.1"]
[WhiteElo "1877"]
[BlackElo "1874"]
[WhiteTeam "SC Weisse Dame"]
[BlackTeam "SF Augsburg"]
[PlyCount "103"]
[WhiteFideId "12977683"]
[BlackFideId "12952613"]
[EventCountry "GER"]
[EventRounds "7"]
[EventType "team-swiss"]
[EventDate "2017.12.26"]

1. e4 c5 2. Ne2 Nc6 3. g3 e6 4. Bg2 d5 5. exd5 exd5 6. d4 Nf6 7. O-O cxd4 8.
Nxd4 Be7 9. c4 O-O 10. Nc3 Nxd4 11. Qxd4 dxc4 12. Qxc4 Be6 13. Qe2 Bg4 14. Bf3
Bxf3 15. Qxf3 Qb6 16. b3 Bb4 17. Bb2 Rac8 18. Rac1 Rfd8 19. Ne4 Nxe4 20. Rxc8
Rxc8 21. Qg4 Bf8 22. Qxc8 Qb4 23. Qc4 Qe7 24. Re1 Nd2 25. Rxe7 Nxc4 26. Re2
Nxb2 27. Rxb2 b6 28. Kf1 g6 29. Ke2 Bc5 30. b4 Bd6 31. Kd3 Kf8 32. Kd4 Ke7 33.
Kc4 a6 34. Kd5 Kd7 35. Rb3 Be7 36. a3 h6 37. Rc3 Bf6 38. Rf3 Ke7 39. Kc6 Bd4
40. Rf4 Bb2 41. Kxb6 Bxa3 42. Kxa6 f5 43. b5 Bc5 44. b6 Ke6 45. b7 Bd6 46. Rd4
Bc7 47. Rc4 Be5 48. f4 Bb8 49. Rc8 Bd6 50. Rc6 Kd7 51. Rxd6+ Kxd6 52. b8=Q+ {
Aufgabe Schwarz} 1-0

[Event "DVM U14 2017"]
[Site "Verden/Aller GER"]
[Date "2017.12.28"]
[Round "3"]
[White "Gubariev, Jakob"]
[Black "Tham, Minh"]
[Result "1/2-1/2"]
[Termination "normal"]
[Board "7.2"]
[WhiteElo "1782"]
[BlackElo "1837"]
[WhiteTeam "SF Augsburg"]
[BlackTeam "SC Weisse Dame"]
[PlyCount "69"]
[WhiteFideId "16216938"]
[BlackFideId "12997323"]
[EventCountry "GER"]
[EventRounds "7"]
[EventType "team-swiss"]
[EventDate "2017.12.26"]

1. e4 e5 2. Nf3 Nc6 3. Bc4 Bc5 4. c3 Nf6 5. b4 Bb6 6. Qb3 O-O 7. d3 d6 8. a4 a5
9. b5 Ne7 10. Be3 Ng6 11. Bxb6 cxb6 12. g3 h6 13. h4 Bg4 14. Nbd2 Nd7 15. O-O-O
Qf6 16. h5 Ne7 17. Nh4 Bxd1 18. Kxd1 Nc5 19. Qa2 Ne6 20. Ndf3 Kh7 21. Nh2 Ng8
22. Ng4 Qe7 23. Nf5 Qd7 24. Qd2 Rac8 25. Ke2 Ng5 26. Nge3 Ne7 27. f3 Nxf5 28.
Nxf5 f6 29. Rh4 Rfd8 30. Rg4 Qe8 31. Rh4 Qd7 32. f4 Ne6 33. Qa2 Re8 34. Rg4 Rc7
35. Bxe6 1/2-1/2

[Event "DVM U14 2017"]
[Site "Verden/Aller GER"]
[Date "2017.12.28"]
[Round "3"]
[White "Tham, Nam"]
[Black "Vuckovic, Katarina"]
[Result "1-0"]
[Termination "normal"]
[Board "7.3"]
[WhiteElo "1796"]
[BlackElo "1288"]
[WhiteTeam "SC Weisse Dame"]
[BlackTeam "SF Augsburg"]
[PlyCount "65"]
[WhiteFideId "12997331"]
[BlackFideId "16232615"]
[EventCountry "GER"]
[EventRounds "7"]
[EventType "team-swiss"]
[EventDate "2017.12.26"]

1. e4 c5 2. Nf3 Nc6 3. d4 cxd4 4. Nxd4 Qb6 5. Nxc6 bxc6 6. Nc3 e6 7. Bd3 d5 8.
O-O Nf6 9. Qf3 Bd6 10. Re1 Qb8 11. h3 O-O 12. Bg5 Nd7 13. exd5 cxd5 14. Qh5 g6
15. Qh4 Be5 16. f4 Bg7 17. f5 exf5 18. Nxd5 Qxb2 19. Kh1 Qd4 20. Ne7+ Kh8 21.
Qg3 Bb7 22. Qc7 Rab8 23. Rad1 Qf2 24. Bf1 Bd4 25. Qh2 Bc3 26. Re2 Qc5 27. Rxd7
Ba6 28. Rc7 Qd4 29. Rxc3 Qxc3 30. Qd6 f6 31. Bd2 Rbd8 32. Qxd8 Rxd8 33. Bxc3 {
Aufgabe Schwarz} 1-0

[Event "DVM U14 2017"]
[Site "Verden/Aller GER"]
[Date "2017.12.28"]
[Round "3"]
[White "Hamkar, Behzad"]
[Black "Movsisyan, Andranik"]
[Result "1-0"]
[Termination "normal"]
[Board "7.4"]
[WhiteElo "1145"]
[BlackElo "1700"]
[WhiteTeam "SF Augsburg"]
[BlackTeam "SC Weisse Dame"]
[PlyCount "145"]
[WhiteFideId "16255631"]
[BlackFideId "16240391"]
[EventCountry "GER"]
[EventRounds "7"]
[EventType "team-swiss"]
[EventDate "2017.12.26"]

1. e4 e5 2. Nf3 Nc6 3. Bc4 Bc5 4. c3 Nf6 5. b4 Bb6 6. Qb3 O-O 7. d3 a5 8. b5 a4
9. Qc2 Ne7 10. Nxe5 d6 11. Nf3 Bg4 12. Be3 Bxf3 13. gxf3 Ng6 14. d4 d5 15. Bd3
Re8 16. e5 Nh5 17. Nd2 Qd7 18. Rb1 Qh3 19. Bf1 Qe6 20. c4 Nh4 21. f4 Ba5 22.
Kd1 Bxd2 23. Bxd2 Qg4+ 24. Be2 Qg2 25. Rf1 Nf3 26. Qd3 Nxd2 27. Qxd2 Qxh2 28.
Bxh5 Qxh5+ 29. Qe2 Qxe2+ 30. Kxe2 dxc4 31. Rfc1 Re7 32. Rxc4 c6 33. Rbb4 f6 34.
Rxa4 Rxa4 35. Rxa4 g5 36. Kf3 gxf4 37. exf6 Rd7 38. Kxf4 Kf7 39. Ke5 Rd6 40.
Rc4 Re6+ 41. Kf4 Rxf6+ 42. Ke3 Re6+ 43. Kd2 Re7 44. Rxc6 Rd7 45. Kc3 Kg7 46. d5
h5 47. d6 Rxd6 48. Rc7+ Kg6 49. Rc6 Rf6 50. Rxf6+ Kxf6 51. Kd3 Kg5 52. Ke2 Kg4
53. Kf1 Kf4 54. Kg2 Ke4 55. Kh3 Kd5 56. Kh4 Kc5 57. f4 Kxb5 58. f5 Kc6 59. Kxh5
Kd7 60. Kg6 Ke8 61. Kg7 Ke7 62. f6+ Kd6 63. f7 Kc5 64. f8=Q+ Kb5 65. Qf4 Ka5
66. a4 Ka6 67. Qb4 Ka7 68. a5 Ka8 69. Qb6 Kb8 70. a6 Kc8 71. Qxb7+ Kd8 72. a7
Ke8 73. a8=Q# 1-0

[Event "DVM U14 2017"]
[Site "Verden/Aller GER"]
[Date "2017.12.28"]
[Round "3"]
[White "Abele, Anais"]
[Black "Haller, Luis"]
[Result "1/2-1/2"]
[Termination "normal"]
[Board "8.1"]
[WhiteElo "1666"]
[BlackElo "1711"]
[WhiteTeam "SC Aurich"]
[BlackTeam "SF Konz-Karthaus"]
[PlyCount "91"]
[WhiteFideId "16208927"]
[BlackFideId "16209826"]
[EventCountry "GER"]
[EventRounds "7"]
[EventType "team-swiss"]
[EventDate "2017.12.26"]

1. e4 e6 2. d4 d5 3. Nd2 Nf6 4. e5 Nfd7 5. f4 c5 6. Ngf3 Nc6 7. Nb3 Qb6 8. c3
Be7 9. Be2 O-O 10. O-O f6 11. Kh1 Qc7 12. Be3 c4 13. Nbd2 b5 14. Qc2 a5 15. b3
Ba6 16. bxc4 bxc4 17. Rab1 Rab8 18. Rxb8 Rxb8 19. Rb1 Na7 20. a4 Rxb1+ 21. Qxb1
Qc6 22. Bd1 f5 23. g4 g6 24. gxf5 gxf5 25. Bc2 Nf8 26. Qg1+ Kh8 27. Ng5 Bxg5
28. Qxg5 Qe8 29. Qf6+ Kg8 30. Bxf5 exf5 31. Qxa6 Qxa4 32. Qxa7 Qd1+ 33. Kg2
Qe2+ 34. Bf2 Qxd2 35. Qxa5 Qxf4 36. Qxd5+ Kh8 37. Qf3 Ng6 38. Qxf4 Nxf4+ 39.
Kf3 Nd5 40. Be1 Kg7 41. Kg3 Kg6 42. h4 h5 43. Kf3 Kf7 44. Ke2 Ke6 45. Kf3 Kf7
46. Ke2 1/2-1/2

[Event "DVM U14 2017"]
[Site "Verden/Aller GER"]
[Date "2017.12.28"]
[Round "3"]
[White "Gatkewicz, Maurizio"]
[Black "Rajendram, Reanosh"]
[Result "0-1"]
[Termination "normal"]
[Board "8.2"]
[WhiteElo "1642"]
[BlackElo "1638"]
[WhiteTeam "SF Konz-Karthaus"]
[BlackTeam "SC Aurich"]
[PlyCount "154"]
[WhiteFideId "16255658"]
[BlackFideId "12965162"]
[EventCountry "GER"]
[EventRounds "7"]
[EventType "team-swiss"]
[EventDate "2017.12.26"]

1. e4 c5 2. Nc3 Nc6 3. f4 d6 4. Bc4 e6 5. Nf3 g6 6. d3 Bg7 7. O-O Nge7 8. Qe1
O-O 9. f5 exf5 10. Qh4 Ne5 11. Bg5 Re8 12. Nxe5 dxe5 13. Nd5 Kf8 14. Nxe7 Rxe7
15. Bxe7+ Qxe7 16. Qxe7+ Kxe7 17. exf5 Bxf5 18. g4 Be6 19. Bxe6 Kxe6 20. Rf3
Bh6 21. Rh3 Bf4 22. Rxh7 Kf6 23. Kg2 Rd8 24. Rf1 Rf8 25. h4 b6 26. h5 Kg5 27.
h6 Kxg4 28. Rh1 Kf5 29. Kf3 Kf6 30. Ke4 Ke6 31. Rg7 Kf6 32. Rh7 Ke6 33. c3 a6
34. d4 cxd4 35. cxd4 Rd8 36. dxe5 Bxe5 37. Rf1 Rd7 38. b3 f5+ 39. Ke3 Rxh7 40.
Rh1 Bf6 41. Kf3 Bg5 42. a4 Rxh6 43. Re1+ Kf7 44. Rd1 Rh3+ 45. Kg2 Rxb3 46. Rd6
Rb4 47. Kf3 Rxa4 48. Rxb6 Ra3+ 49. Kg2 a5 50. Kh1 a4 51. Ra6 Ra1+ 52. Kg2 a3
53. Kf3 a2 54. Kg2 Rd1 55. Rxa2 Rd2+ 56. Rxd2 Bxd2 57. Kf3 Kf6 58. Ke2 Ba5 59.
Kf3 Ke5 60. Ke3 g5 61. Kf3 f4 62. Kf2 Ke4 63. Ke2 f3+ 64. Kf2 Bb6+ 65. Ke1 f2+
66. Kf1 Ke3 67. Kg2 Ke2 68. Kh2 Bc7+ 69. Kh3 f1=Q+ 70. Kg4 Qf4+ 71. Kh5 Ke3 72.
Kg6 Ke4 73. Kh5 Kf5 74. Kh6 Qd6+ 75. Kg7 Qf6+ 76. Kh7 Be5 77. Kg8 Qg7# 0-1

[Event "DVM U14 2017"]
[Site "Verden/Aller GER"]
[Date "2017.12.28"]
[Round "3"]
[White "Dirks, Simon"]
[Black "Biermann, Sophie"]
[Result "1-0"]
[Termination "normal"]
[Board "8.3"]
[WhiteElo "1281"]
[BlackElo "1594"]
[WhiteTeam "SC Aurich"]
[BlackTeam "SF Konz-Karthaus"]
[PlyCount "157"]
[WhiteFideId "16255666"]
[BlackFideId "16208960"]
[EventCountry "GER"]
[EventRounds "7"]
[EventType "team-swiss"]
[EventDate "2017.12.26"]

1. e4 d5 2. Nc3 Nf6 3. exd5 Nxd5 4. Bc4 Nb6 5. Bb3 Nc6 6. Nf3 e5 7. O-O Bg4 8.
Re1 Be7 9. h3 Bxf3 10. Qxf3 O-O 11. d3 a5 12. Na4 Nd7 13. Be3 Bg5 14. Bd5 Bxe3
15. Bxc6 Bxf2+ 16. Kxf2 Qh4+ 17. Kg1 Qd4+ 18. Kh1 bxc6 19. Qxc6 Rfe8 20. Re4
Qd6 21. Rc4 Qxc6 22. Rxc6 Ra7 23. Re1 f6 24. g4 Rb8 25. Re4 Rb4 26. Rxb4 axb4
27. b3 Kf7 28. Rc4 Rb7 29. Kg2 Kg6 30. c3 bxc3 31. Nxc3 c5 32. Ne4 Rc7 33. b4
Ra7 34. bxc5 Rxa2+ 35. Kf3 Ra8 36. c6 Nb6 37. Rc5 Rc8 38. c7 Na8 39. Ra5 Nb6
40. Ra6 Nd5 41. Rd6 Nf4 42. Rc6 Nd5 43. Rc5 Nxc7 44. Nc3 Rd8 45. Rxc7 Rxd3+ 46.
Kg2 Rd2+ 47. Kg3 Rd3+ 48. Kg2 Rd2+ 49. Kg1 Rc2 50. Nd5 Rxc7 51. Nxc7 Kg5 52.
Ne6+ Kh4 53. Kg2 g6 54. Nf8 f5 55. gxf5 gxf5 56. Nd7 e4 57. Nc5 e3 58. Nd3 e2
59. Ne1 Kg5 60. Kg3 f4+ 61. Kg2 Kh5 62. Nf3 Kg6 63. Kf2 Kf5 64. Kxe2 h6 65. Kd3
Kg6 66. Ke4 Kh5 67. Kxf4 Kg6 68. Ke5 Kh5 69. Ke6 Kg6 70. h4 Kg7 71. h5 Kg8 72.
Kf6 Kh7 73. Kf7 Kh8 74. Kg6 Kg8 75. Kxh6 Kh8 76. Kg6 Kg8 77. Ng5 Kh8 78. h6 Kg8
79. h7+ {Aufgabe Schwarz} 1-0

[Event "DVM U14 2017"]
[Site "Verden/Aller GER"]
[Date "2017.12.28"]
[Round "3"]
[White "Schilz, Luna"]
[Black "Meyer, Beenke"]
[Result "0-1"]
[Termination "normal"]
[Board "8.4"]
[WhiteElo "1319"]
[BlackElo "1271"]
[WhiteTeam "SF Konz-Karthaus"]
[BlackTeam "SC Aurich"]
[PlyCount "70"]
[WhiteFideId "16235320"]
[BlackFideId "16255682"]
[EventCountry "GER"]
[EventRounds "7"]
[EventType "team-swiss"]
[EventDate "2017.12.26"]

1. e4 c5 2. Nf3 Nc6 3. Nc3 e6 4. Bc4 Be7 5. d3 a6 6. a3 Qc7 7. O-O Nf6 8. Bg5
O-O 9. d4 cxd4 10. Nxd4 b5 11. Ba2 Bb7 12. Re1 d6 13. Nde2 Rad8 14. Qd3 Ne5 15.
Qd4 h6 16. Bh4 Qc5 17. Qxc5 dxc5 18. Bg3 Ng6 19. Nf4 Nxf4 20. Bxf4 b4 21. axb4
cxb4 22. Ne2 Nxe4 23. Ng3 Nxg3 24. Bxg3 Rd2 25. Bb3 Bf6 26. Bf4 Rd7 27. Reb1
Rfd8 28. h3 g5 29. Be3 Bd4 30. Bd2 Bxf2+ 31. Kxf2 Rxd2+ 32. Kg1 Rxg2+ 33. Kf1
Rh2 34. Kg1 Rdd2 35. Rd1 Rh1# 0-1

[Event "DVM U14 2017"]
[Site "Verden/Aller GER"]
[Date "2017.12.28"]
[Round "3"]
[White "Sehmsdorf, Johann"]
[Black "Waffenschmidt, Lars"]
[Result "0-1"]
[Termination "normal"]
[Board "9.1"]
[WhiteElo "1610"]
[BlackElo "1715"]
[WhiteTeam "SV Dresden-Striesen"]
[BlackTeam "SK Bebenhausen"]
[PlyCount "76"]
[WhiteFideId "12985139"]
[BlackFideId "16244656"]
[EventCountry "GER"]
[EventRounds "7"]
[EventType "team-swiss"]
[EventDate "2017.12.26"]

1. e4 e5 2. Nf3 Nc6 3. Bc4 Bc5 4. d3 Nf6 5. O-O d6 6. Bg5 h6 7. Bh4 g5 8. Bg3
Bg4 9. h3 Be6 10. Nbd2 Qd7 11. Bxe6 fxe6 12. c3 O-O-O 13. b4 Bb6 14. a4 a6 15.
Nc4 g4 16. hxg4 Rdg8 17. b5 Nb8 18. a5 axb5 19. Nxb6+ cxb6 20. axb6 Rxg4 21.
Qb3 Nh5 22. Bxe5 dxe5 23. Nxe5 Rxg2+ 24. Kxg2 Qg7+ 25. Kf3 Qxe5 26. Ke2 Nf4+
27. Kd2 Rd8 28. d4 Qxe4 29. Qxb5 Nd5 30. Qc5+ Kd7 31. Ra7 Qf4+ 32. Kd3 Rc8 33.
Rxb7+ Kd8 34. Qa5 Rxc3+ 35. Qxc3 Qf3+ 36. Kd2 Qxc3+ 37. Kd1 Qd3+ 38. Ke1 Nc3 {
Aufgabe  Weiß} 0-1

[Event "DVM U14 2017"]
[Site "Verden/Aller GER"]
[Date "2017.12.28"]
[Round "3"]
[White "Marx, Benedikt"]
[Black "Schade, Johannes"]
[Result "0-1"]
[Termination "normal"]
[Board "9.2"]
[WhiteElo "1387"]
[BlackElo "1379"]
[WhiteTeam "SK Bebenhausen"]
[BlackTeam "SV Dresden-Striesen"]
[PlyCount "112"]
[WhiteFideId "16255690"]
[BlackFideId "12958581"]
[EventCountry "GER"]
[EventRounds "7"]
[EventType "team-swiss"]
[EventDate "2017.12.26"]

1. e4 c5 2. Nf3 d6 3. d4 cxd4 4. Nxd4 a6 5. Nc3 g6 6. Be3 Bg7 7. Bc4 Bd7 8. Qd2
Nf6 9. f3 Qc7 10. Bb3 Nc6 11. a3 O-O 12. O-O-O Rfd8 13. Nxc6 Bxc6 14. Qf2 Qb8
15. Bb6 Rd7 16. Kb1 e6 17. g3 d5 18. exd5 Bxd5 19. Nxd5 Nxd5 20. Bxd5 Rxd5 21.
Rxd5 exd5 22. Rd1 Qe5 23. Bd4 Qh5 24. Bxg7 Kxg7 25. Qd4+ Kg8 26. Qxd5 Qxd5 27.
Rxd5 Re8 28. Rd2 Kg7 29. c3 Re3 30. f4 Kf6 31. Kc2 h5 32. Kd1 b5 33. Re2 Rf3
34. Ke1 Kf5 35. Rf2 Kg4 36. Ke2 Rxf2+ 37. Kxf2 Kh3 38. Kg1 h4 39. b3 hxg3 40.
hxg3 Kxg3 41. f5 gxf5 42. c4 bxc4 43. bxc4 Kf4 44. Kf2 Ke4 45. c5 Kd5 46. Kf3
Kxc5 47. Kf4 Kc4 48. Kxf5 Kb3 49. Kf6 Kxa3 50. Kxf7 Kb3 51. Ke6 a5 52. Kd5 a4
53. Kd4 a3 54. Ke4 a2 55. Ke3 a1=Q 56. Ke2 Qc3 {Aufgabe Weiß} 0-1

[Event "DVM U14 2017"]
[Site "Verden/Aller GER"]
[Date "2017.12.28"]
[Round "3"]
[White "Hiller, Klemens"]
[Black "Öz, Mert"]
[Result "1-0"]
[Termination "normal"]
[Board "9.3"]
[WhiteElo "1174"]
[BlackElo "1379"]
[WhiteTeam "SV Dresden-Striesen"]
[BlackTeam "SK Bebenhausen"]
[PlyCount "139"]
[WhiteFideId "16255739"]
[BlackFideId "16255704"]
[EventCountry "GER"]
[EventRounds "7"]
[EventType "team-swiss"]
[EventDate "2017.12.26"]

1. d4 d5 2. c4 e6 3. Nc3 Nf6 4. e3 Be7 5. Nf3 O-O 6. Be2 dxc4 7. Bxc4 b6 8. O-O
Bb7 9. b3 c5 10. Be2 cxd4 11. Qxd4 Qxd4 12. Nxd4 Nc6 13. Ncb5 Nxd4 14. Nxd4
Rac8 15. Nf3 Rfd8 16. Rd1 Rxd1+ 17. Bxd1 Rd8 18. Bb2 h6 19. Be2 Rc8 20. Rc1
Rxc1+ 21. Bxc1 a5 22. Bb2 Kf8 23. Ne5 Ke8 24. Bb5+ Kf8 25. Bd4 Bc5 26. Bxc5+
bxc5 27. Nc4 Nd5 28. Nxa5 Nc3 29. Nxb7 Nxb5 30. Nxc5 Na3 31. Kf1 Ke7 32. Ke2
Kd6 33. Ne4+ Kc6 34. Kd2 Kd5 35. Nc3+ Kc5 36. Kc1 f5 37. Kb2 Nb5 38. Nxb5 Kxb5
39. Kc3 e5 40. a4+ Kb6 41. Kc4 g5 42. b4 f4 43. e4 g4 44. g3 h5 45. a5+ Kb7 46.
Kc5 h4 47. gxh4 f3 48. h5 g3 49. hxg3 Ka6 50. h6 Kb7 51. Kd5 Ka6 52. Kc6 Ka7
53. h7 Ka6 54. Kd5 Kb5 55. Kxe5 Kxb4 56. Kf4 Kc3 57. Kxf3 Kc2 58. g4 Kd2 59. g5
Kd1 60. h8=R Kd2 61. g6 Kd1 62. g7 Kd2 63. g8=R Kd3 64. Rd8+ Kc4 65. Rh7 Kb5
66. Rc7 Ka4 67. Rb8 Ka3 68. a6 Ka2 69. a7 Ka3 70. a8=Q# 1-0

[Event "DVM U14 2017"]
[Site "Verden/Aller GER"]
[Date "2017.12.28"]
[Round "3"]
[White "Andrei, Quentin"]
[Black "Olligs, Antonius"]
[Result "0-1"]
[Termination "normal"]
[Board "9.4"]
[WhiteElo "1034"]
[BlackElo "1556"]
[WhiteTeam "SK Bebenhausen"]
[BlackTeam "SV Dresden-Striesen"]
[PlyCount "72"]
[WhiteFideId "16255712"]
[BlackFideId "16236955"]
[EventCountry "GER"]
[EventRounds "7"]
[EventType "team-swiss"]
[EventDate "2017.12.26"]

1. d4 g6 2. c4 Nf6 3. Nc3 Bg7 4. e4 d6 5. Nf3 Nc6 6. Bf4 e6 7. e5 dxe5 8. dxe5
Qxd1+ 9. Rxd1 Nd7 10. Nb5 Kd8 11. Bg5+ Ne7 12. Be2 c6 13. Bf6 Rg8 14. Bxg7 Rxg7
15. Nd6 Nf5 16. c5 b6 17. b4 Ke7 18. Nxf5+ gxf5 19. g3 f6 20. exf6+ Kxf6 21.
Rc1 Bb7 22. Bf1 Rg4 23. Rd1 Bc8 24. Nd4 bxc5 25. bxc5 Bb7 26. Nxf5 Re4+ 27. Ne3
Nxc5 28. Rc1 Na4 29. Bd3 Rd4 30. Bxh7 c5 31. O-O Rc8 32. f4 c4 33. g4 Rd2 34.
Nxc4 Rg2+ 35. Kh1 Rg3+ 36. Rf3 Bxf3# 0-1

[Event "DVM U14 2017"]
[Site "Verden/Aller GER"]
[Date "2017.12.28"]
[Round "4"]
[White "Suvorov, Alexander"]
[Black "Sulayev, Daniel"]
[Result "1-0"]
[Termination "normal"]
[Board "1.1"]
[WhiteElo "2126"]
[BlackElo "2058"]
[WhiteClock "00:56:08"]
[BlackClock "00:11:53"]
[WhiteTeam "SG Porz"]
[BlackTeam "SV Empor Berlin"]
[PlyCount "53"]
[WhiteFideId "12977063"]
[BlackFideId "12977675"]
[EventCountry "GER"]
[EventRounds "7"]
[EventType "team-swiss"]
[EventDate "2017.12.26"]

1. d4 {[%clk 1:30:57]} Nf6 {[%clk 1:30:08]} 2. Nf3 {[%clk 1:30:29]} g6 {[%clk
1:29:52]} 3. c4 {[%clk 1:30:53]} Bg7 {[%clk 1:30:13]} 4. Nc3 {[%clk 1:31:15]}
c5 {[%clk 1:30:36]} 5. d5 {[%clk 1:31:03]} d6 {[%clk 1:30:04]} 6. e4 {[%clk
1:30:47]} O-O {[%clk 1:30:22]} 7. Bd3 {[%clk 1:30:33]} e6 {[%clk 1:24:11]} 8.
h3 {[%clk 1:30:35]} exd5 {[%clk 1:23:54]} 9. cxd5 {[%clk 1:30:54]} Na6 {[%clk
1:19:00]} 10. O-O {[%clk 1:29:42]} Nc7 {[%clk 1:18:29]} 11. a4 {[%clk 1:28:33]}
b6 {[%clk 1:16:52]} 12. Bf4 {[%clk 1:24:42]} Ba6 {[%clk 1:15:38]} 13. Re1
{[%clk 1:19:49]} Bxd3 {[%clk 1:14:33]} 14. Qxd3 {[%clk 1:19:07]} Re8 {[%clk
1:13:51]} 15. Rad1 {[%clk 1:15:26]} a6 {[%clk 0:56:24]} 16. e5 {[%clk 1:10:03]}
dxe5 {[%clk 0:55:22]} 17. Nxe5 {[%clk 1:08:28]} Nh5 {[%clk 0:37:50]} 18. Bh2
{[%clk 1:05:52]} Bxe5 {[%clk 0:34:17]} 19. Bxe5 {[%clk 1:02:41]} f6 {[%clk
0:29:37]} 20. Bh2 {[%clk 1:00:25]} Qd7 {[%clk 0:26:51]} 21. Rxe8+ {[%clk
0:57:46]} Nxe8 {[%clk 0:25:12]} 22. d6 {[%clk 0:56:59]} Ra7 {[%clk 0:13:26]}
23. Nd5 {[%clk 0:55:03]} Qd8 {[%clk 0:12:45]} 24. Ne7+ {[%clk 0:55:00]} Rxe7
{[%clk 0:12:37]} 25. dxe7 {[%clk 0:55:19]} Qxe7 {[%clk 0:13:00]} 26. Qb3+
{[%clk 0:55:43]} Kf8 {[%clk 0:11:53]} 27. Qxb6 {[%clk 0:56:08]} 1-0

[Event "DVM U14 2017"]
[Site "Verden/Aller GER"]
[Date "2017.12.28"]
[Round "4"]
[White "Breitzmann, Sander"]
[Black "Suvorov, Luca"]
[Result "1-0"]
[Termination "normal"]
[Board "1.2"]
[WhiteElo "1778"]
[BlackElo "2079"]
[WhiteClock "00:34:26"]
[BlackClock "00:01:04"]
[WhiteTeam "SV Empor Berlin"]
[BlackTeam "SG Porz"]
[PlyCount "127"]
[WhiteFideId "12987085"]
[BlackFideId "12977071"]
[EventCountry "GER"]
[EventRounds "7"]
[EventType "team-swiss"]
[EventDate "2017.12.26"]

1. e4 {[%clk 1:30:54]} e5 {[%clk 1:30:58]} 2. Nf3 {[%clk 1:31:14]} Nc6 {[%clk
1:31:19]} 3. Bc4 {[%clk 1:31:39]} Nf6 {[%clk 1:31:45]} 4. d3 {[%clk 1:32:04]}
Be7 {[%clk 1:32:11]} 5. O-O {[%clk 1:32:06]} O-O {[%clk 1:32:10]} 6. Re1 {[%clk
1:32:03]} d6 {[%clk 1:31:38]} 7. c3 {[%clk 1:32:18]} Na5 {[%clk 1:27:44]} 8.
Bb5 {[%clk 1:32:36]} a6 {[%clk 1:26:06]} 9. Ba4 {[%clk 1:33:02]} b5 {[%clk
1:24:44]} 10. Bc2 {[%clk 1:33:27]} c5 {[%clk 1:20:11]} 11. Nbd2 {[%clk
1:33:47]} Nc6 {[%clk 1:20:04]} 12. Nf1 {[%clk 1:34:04]} Re8 {[%clk 1:19:28]}
13. Ng3 {[%clk 1:33:57]} h6 {[%clk 1:18:47]} 14. h3 {[%clk 1:33:09]} Qc7 {[%clk
1:17:34]} 15. Nh2 {[%clk 1:29:04]} d5 {[%clk 1:09:01]} 16. Qf3 {[%clk 1:26:20]}
dxe4 {[%clk 0:50:34]} 17. dxe4 {[%clk 1:26:41]} Nh7 {[%clk 0:39:42]} 18. Nf5
{[%clk 1:21:22]} Bg5 {[%clk 0:35:09]} 19. Bxg5 {[%clk 1:18:13]} Nxg5 {[%clk
0:32:57]} 20. Qg3 {[%clk 1:18:13]} Bxf5 {[%clk 0:29:01]} 21. exf5 {[%clk
1:18:36]} f6 {[%clk 0:28:03]} 22. h4 {[%clk 1:17:56]} Nf7 {[%clk 0:28:21]} 23.
Ng4 {[%clk 1:17:38]} Kf8 {[%clk 0:26:34]} 24. Ne3 {[%clk 1:16:18]} Rad8 {[%clk
0:26:08]} 25. Rad1 {[%clk 1:15:53]} Ne7 {[%clk 0:23:22]} 26. Be4 {[%clk
1:12:13]} Nd6 {[%clk 0:18:49]} 27. Qf3 {[%clk 1:03:42]} Nxe4 {[%clk 0:09:42]}
28. Qxe4 {[%clk 1:03:53]} Rxd1 {[%clk 0:09:59]} 29. Rxd1 {[%clk 1:04:15]} Rd8
{[%clk 0:10:22]} 30. Rxd8+ {[%clk 0:59:41]} Qxd8 {[%clk 0:10:47]} 31. Qb7
{[%clk 0:59:54]} Qd6 {[%clk 0:06:36]} 32. b3 {[%clk 0:57:31]} Kf7 {[%clk
0:05:15]} 33. g3 {[%clk 0:55:14]} Qc6 {[%clk 0:04:06]} 34. Qa7 {[%clk 0:53:10]}
h5 {[%clk 0:03:50]} 35. c4 {[%clk 0:51:26]} Kf8 {[%clk 0:03:07]} 36. Qb8+
{[%clk 0:50:28]} Qc8 {[%clk 0:02:21]} 37. Qd6 {[%clk 0:47:02]} Qc6 {[%clk
0:02:06]} 38. Qd1 {[%clk 0:43:43]} Qe8 {[%clk 0:02:18]} 39. Kh2 {[%clk
0:36:35]} Qa8 {[%clk 0:00:36]} 40. Qxh5 {[%clk 0:33:44]} Qe4 {[%clk 0:00:50]}
41. Qd1 {[%clk 0:33:24]} Qd4 {[%clk 0:30:11]} 42. Qf3 {[%clk 1:01:23]} Qd8
{[%clk 0:26:01]} 43. Kg2 {[%clk 0:57:59]} Qc8 {[%clk 0:18:13]} 44. g4 {[%clk
0:52:52]} Nc6 {[%clk 0:08:16]} 45. Qd5 {[%clk 0:48:05]} Ne7 {[%clk 0:06:51]}
46. Qd3 {[%clk 0:46:38]} Qc6+ {[%clk 0:04:08]} 47. Nd5 {[%clk 0:45:24]} Nxd5
{[%clk 0:01:26]} 48. Qxd5 {[%clk 0:45:32]} Qxd5+ {[%clk 0:01:00]} 49. cxd5
{[%clk 0:46:01]} e4 {[%clk 0:01:11]} 50. g5 {[%clk 0:43:05]} a5 {[%clk
0:00:51]} 51. gxf6 {[%clk 0:42:38]} c4 {[%clk 0:00:47]} 52. fxg7+ {[%clk
0:43:03]} Kxg7 {[%clk 0:01:13]} 53. bxc4 {[%clk 0:42:10]} b4 {[%clk 0:01:37]}
54. h5 {[%clk 0:41:48]} a4 {[%clk 0:01:51]} 55. h6+ {[%clk 0:42:12]} Kxh6
{[%clk 0:02:17]} 56. d6 {[%clk 0:42:36]} b3 {[%clk 0:02:45]} 57. axb3 {[%clk
0:42:53]} axb3 {[%clk 0:03:13]} 58. d7 {[%clk 0:43:16]} b2 {[%clk 0:03:40]} 59.
d8=Q {[%clk 0:43:37]} b1=Q {[%clk 0:04:02]} 60. Qf6+ {[%clk 0:38:21]} Kh5
{[%clk 0:03:13]} 61. Qg6+ {[%clk 0:38:15]} Kh4 {[%clk 0:03:40]} 62. f6 {[%clk
0:35:47]} Qb7 {[%clk 0:00:36]} 63. Qh6+ {[%clk 0:34:05]} Kg4 {[%clk 0:01:04]}
64. Qg7+ {[%clk 0:34:26]} 1-0